Κατάλογος Βιβλιοθηκών Mediterranean College

Εισαγωγή στη Μακροοικονομικ΄ή Ανάλυση / Δεύτερη Έκδοση (Record no. 9737)

MARC details
000 -LEADER
fixed length control field 02415cam a22001934a 4500
005 - ΗΜΕΡΟΜΗΝΙΑ ΚΑΙ ΩΡΑ ΤΕΛΕΥΤΑΙΑΣ ΕΝΗΜΕΡΩΣΗΣ
Πεδίο ελέγχου 20250605164408.0
008 - FIXED-LENGTH DATA ELEMENTS--GENERAL INFORMATION
Πεδίο ελέγχου σταθερού μήκους 250528s ||||||||||||||||||||||||d
035 ## - SYSTEM CONTROL NUMBER
System control number 24902
020 ## - ISBN
ISBN 9786185063320
040 ## - ΠΗΓΗ ΚΑΤΑΛΟΓΟΓΡΑΦΗΣΗΣ
Φορέας πρωτότυπης καταλογογράφησης MC Athens Campus Library
Γλώσσα καταλογογράφησης Ελληνικά, Μοντέρνα (1453-)
Modifying agency MC Athens Campus Library
Κανόνες περιγραφικής καταλογογράφησης AACR2
245 1# - ΤΙΤΛΟΣ ΚΑΙ ΔΗΛΩΣΗ ΥΠΕΥΘΥΝΟΤΗΤΑΣ
Τίτλος Εισαγωγή στη Μακροοικονομικ΄ή Ανάλυση / Δεύτερη Έκδοση
260 ## - PUBLICATION, DISTRIBUTION, ETC.
Name of publisher, distributor, etc. Ζυγός,
Date of publication, distribution, etc. 2018
300 ## - PHYSICAL DESCRIPTION
Extent 650
520 ## - SUMMARY, ETC.
Summary, etc. Εισαγωγή, Βασικές Έννοιες και Στοιχεία των Εθνικών Λογαριασμών, Μια Πρώτη Περιήγηση του Πεδίου της Μακροοικονομικής Ανάλυσης, Από το Οικονομικό Κύκλωμα στους Εθνικούς Λογαριασμούς, Από τους Εθνικούς Λογαριασμούς στην Ισορροπία Εισροών και Εκροών, Η Σφαίρα της Πραγματικής Οικονομίας: Δύο Οπτικές Ισορροπίας, Το Υπόβαθρο των Θεωρητικών Μακροοικονομικών Υποδειγμάτων, Από την Πλευρά της Ζήτησης: Η Κευνσιανή Οπτική της ισορροπίας, Από την Πλευρά της Προσφοράς: Η Κλασσική Οπτική της Ισορροπίας, Η Χρηματοπιστωτική Πλευρά της Οικονομίας: Το Υπόδειγμα IS-LM, Η Ισορροπία στην Αγορά Χρήματος και Τίτλων, Η Αλληλεξάρτηση της Χρηματοπιστωτικής και της Πραγματικής Σφαίρας, Η Εσωτερική και Εξωτερική Ισορροπία: IS-LM-BP σε Ανοικτή Οικονομία, Από την Πλευρά της Συνολικής Προσφοράς: Το Υπόδειγμα AD-AS, Από την Αγορά Εργασίας στη Συνολική Προσφορά της Οικονομίας, Από τις Δύο Οπτικές Ισορροπίας στη Νεοκλασσική και Κευνσιανή Σύνθεση, Οι Αντικρουόμενοι Στόχοι Πολιτικής: Το Δίλημμα Πληθωρισμός και Ανεργία, Παραρτήματα, Βιβλιογραφία.
700 1# - ΠΡΟΣΘΕΤΗ ΑΝΑΓΡΑΦΗ--ΦΥΣΙΚΟ ΠΡΟΣΩΠΟ
Personal name Σιδηρόπουλος Μωυσής Γ
9 (RLIN) 9656
942 ## - ADDED ENTRY ELEMENTS (KOHA)
Koha item type Books
Holdings
Τύπος τεκμηρίου Βιβλιοθήκη Τρέχουσα τοποθεσία Barcode Αριθμός εισαγωγής Ημερομηνία απόκτησης Ταξιθετικό σύμβολο Αριθμός αντιτύπου Κατάσταση απόσυρσης Κατάσταση χαμένου Κατάσταση κατεστραμμένου Μη δανεισμός Σύνολο δανεισμών Ημερομηνία τελευταίας εμφάνισης Η τιμή ισχύει από
Books MC Athens Campus Library MC Athens Campus Library 9780000097361 7436 05/06/2025 339 SID 1           05/06/2025 05/06/2025

MC Athens Campus Library
Πατησίων 94 & Κοδριγκτώνος 13, 104 34
Πελλήνης 8 & Πατησίων 107, 112 51
Τ: +30 210 8899600

MC Thessaloniki Campus Library
Ίωνος Δραγούμη 21, 54625 | Ίωνος Δραγούμη 15, 54625
Τ: +30 2310 287779 – Τ: +30 2314 440300